Vista normal Vista MARC

Entrada Topical Term

Número de registros utilizados en: 1

001 - CONTROL NUMBER

  • control field: 7439

003 - CONTROL NUMBER IDENTIFIER

  • control field: OSt

005 - DATE AND TIME OF LATEST TRANSACTION

  • control field: 20200716180732.0

008 - FIXED-LENGTH DATA ELEMENTS

  • fixed length control field: 200716|| aca||aabn | a|a d

040 ## - CATALOGING SOURCE

  • Original cataloging agency: OSt
  • Transcribing agency: OSt

150 ## - HEADING--TOPICAL TERM

  • Topical term or geographic name entry element: Economía iberoamericana
  • General subdivision: problemas sociales

670 ## - SOURCE DATA FOUND

  • Source citation: Work cat.: (OSt)3640: Fuentes Irurozqui, Manuel, autor 7438, Problemas de la economía iberoaméricana / , 1959